000 00301nam a22001337a 4500
008 170731b xxu||||| |||| 00| 0 eng d
020 _a3854284179
041 _ager
080 _a004
100 _a32
101 _aSHK
245 _aNEUAUSRICHTUNG DES CONTROLLING
_cSCHADENHOFER,M
942 _2udc
_cBK
999 _c22273
_d22273